Normal view MARC view
  • Mehrer, Helmut.

Entry Personal Name

Number of records used in: 2

001 - CONTROL NUMBER

  • control field: 8726

003 - CONTROL NUMBER IDENTIFIER

  • control field: NUST

005 - DATE AND TIME OF LATEST TRANSACTION

  • control field: 20180118123151.0

008 - FIXED-LENGTH DATA ELEMENTS

  • fixed length control field: 180118|| aca||aabn | a|a d

040 ## - CATALOGING SOURCE

  • Original cataloging agency: NUST
  • Transcribing agency: NUST

100 ## - HEADING--PERSONAL NAME

  • Personal name: Mehrer, Helmut.

670 ## - SOURCE DATA FOUND

  • Source citation: Work cat.: (NUST)29819: Mehrer, Helmut., Diffusion in solids :, 2007.
© 2023 Central Library, National University of Sciences and Technology. All Rights Reserved.